000 00521nam a22001697a 4500
005 20251108175209.0
008 250721s9999 xx 000 0 ara d
082 1 4 _a232/عوض
100 1 _aعوض، محمد عبد الرحمن
245 1 0 _aمعجزات المسيح في الانجيل و القرآن /
264 1 _aالقاهرة :
_bالبشير للنشر و التوزيع،
_c[200-].
300 _a144 ص.
650 1 7 _aالمعجزات
650 1 7 _aالمسيح
942 _2ddc
_cBK
999 _c128449
_d128449